Les différences culturelles dans le management : coment chaque pays gère-t-il ses hommes? (Record no. 42089)

MARC details
000 -LEADER
fixed length control field 00813 a2200277 4500
003 - CONTROL NUMBER IDENTIFIER
control field 00
005 - DATE AND TIME OF LATEST TRANSACTION
control field 20171009111524.0
008 - FIXED-LENGTH DATA ELEMENTS--GENERAL INFORMATION
fixed length control field 171009b xxu||||| |||| 00| 0 eng d
020 ## - NUMERO INTERNATIONAL NORMALISE DES LIVRES
International Standard Book Number 2-7081-0828-X
037 ## - SOURCE OF ACQUISITION
Source of stock number/acquisition 2, Achat
037 ## - SOURCE OF ACQUISITION
Stock number De 6894
037 ## - SOURCE OF ACQUISITION
Stock number De 6893
040 ## - SOURCE DU CATALOGAGE
Original cataloging agency BAUC
Language of cataloging Fre
Transcribing agency BUC
100 ## - VEDETTE PRINCIPALE - NOM DE PERSONNE
Personal name Bollinger, Daniel
100 ## - VEDETTE PRINCIPALE - NOM DE PERSONNE
Language of a work Fr
245 ## - TITLE STATEMENT
Title Les différences culturelles dans le management : coment chaque pays gère-t-il ses hommes?
Statement of responsibility, etc / par Daniel Bollinger, Geert Hofstede
260 ## - PUBLICATION, DISTRIBUTION, ETC. (IMPRINT)
Place of publication, distribution, etc Paris :
Name of publisher, distributor, etc Les Editions d'Organisation,;
Date of publication, distribution, etc 1992
300 ## - PHYSICAL DESCRIPTION
Extent 268 p.
Other physical details couv. en coul. ;
Dimensions 24cm
500 ## - GENERAL NOTE
General note Bibliogr. pp. (255-268)
630 ## - SUBJECT ADDED ENTRY--UNIFORM TITLE
Uniform title SCIENCES APPLIQUEES
650 ## - SUBJECT ADDED ENTRY--TOPICAL TERM
Topical term or geographic name as entry element Entreprise : gestion
650 ## - SUBJECT ADDED ENTRY--TOPICAL TERM
Topical term or geographic name as entry element Culture : idéologie
700 ## - ADDED ENTRY--PERSONAL NAME
Personal name Hofstede
942 ## - ADDED ENTRY ELEMENTS (KOHA)
Koha item type Libre Accès
Holdings
Withdrawn status Lost status Damaged status Not for loan Location (home branch) Sublocation or collection (holding branch) Date acquired Source of acquisition Coded location qualifier Koha issues (times borrowed) Koha full call number Piece designation (barcode) Koha date last seen Copy number Price effective from Koha item type
        Bibliothèque Universitaire Centrale Bibliothèque Universitaire Centrale 28/02/2009 Don ABAR De6893   658.15 BOL De-6893Buc 28/02/2009 01 28/02/2009 Libre Accès


© 2008, Bibliothèques de l'Université d'Abomey-Calavi

04 BP 789 Cotonou, Tél. : +229 21 36 01 01, Fax : +229 21 35 06 32

Courriel : bu@bu.uac.bj